000 01387 a2200229 4500
001 47
005 20260407155405.0
008 260407a2006 arg spa d
003 AR-UNSa-BCEJYS
040 _aAR-UNSa-BCEJYS
_bspa
_cAR-UNSa-BCEJYS
080 _a336.226.1
_xImpuestos a las ganancias o los beneficios (Impuesto Diferido)
245 1 0 _aImpuesto diferido
_pnuevo método basado en el balance. enfoque práctico de temas simples y complejos
020 _a978-987-1140-43-5
250 _a1a. ed.
264 1 _aBuenos Aires :
_bOsmar D. Buyatti
_c2006
300 _a227 p.
_c22 cm
505 _a1. Introducción - 2. Diferencias entre la contabilización tradicional del cargo del impuesto a las ganancias y el método diferido (genérico) - 3. El método del pasivo, basado en el balance: aspectos introductorios - 4. El método del pasivo, basado en el balance: aspectos complejos - 5. El método del pasivo, basado en el balance: aspectos especiales - 6. La exposición de la información contable relacionada con el método - 7. La información contable ajustada por inflación y el método - 8. Aplicación de estas normas por primera vez. Ejercicio integral
942 _cBK
590 _aniveau_biblio:m niveau_hierar:0
100 1 _aGil, Jorge José
856 4 1 _uhttps://biblioeco.unsa.edu.ar/pmb/images/libros/Impuesto diferido2-l116271.jpg
_yImagen de portada
_qimage/jpeg
999 _c38
_d38